Statistics for Country by Initial Letter of Bordering Countries #1

Click here to take the quiz!

General Stats

  • This quiz has been taken 48 times
    (38 since last reset)
  • The average score is 5 of 10

Answer Stats

Answer% Correct
Italy
81%
Iraq
81%
Colombia
74%
Uzbekistan
59%
Slovakia
48%
Ethiopia
48%
Bolivia
41%
Myanmar
33%
Algeria
30%
Bulgaria
26%

Score Distribution

Percentile by Number Answered

Percent of People with Each Score

Your Score History

You have not taken this quiz since the last reset